De deo, deoque homine heroica : pars prima /

Na minha lista:
Detalhes bibliográficos
Autor principal: Abad, Diego José (autor)
Formato: Livro
Idioma:latim
Edição:3a edición
Assuntos:
Tags: Adicionar Tag
Sem tags, seja o primeiro a adicionar uma tag!

MARC

LEADER 00000nam^a2200000^a^4500
001 000380626
005 20250526000000.0
009 20260310120614.7
037 |a Acervo Xavier Clavigero 
041 |a LAT 
082 |a 861.  |b ABA V. 1-2 
100 |a Abad, Diego José  |e (autor) 
240 1 1 |a [Poema heróico de Diego José Abad] 
245 1 0 |a De deo, deoque homine heroica :  |b pars prima /  |c D.J. Abad. 
250 |a 3a edición 
264 |a Cesena, Italia :  |b Gregorio Biasini,  |c 1780 
300 |a LXX, 166, 195 p. ;  |c 18.5 cm. 
336 |a texto  |b txt  |2 rdacontenido 
337 |a sin mediación  |b n  |2 rdamedio 
338 |a volumen  |b nc  |2 rdasoporte 
501 |a Encuadernación particular 
561 |a Ex libris de Instituto de Literatura Puente Grande, Jal. 
561 |a Ex libris de Bibl. Domus. San Cayetano 
561 |a Ex libris de Bibl. Iunioratus Dom. Prob. S. Ioseph 
562 |a Falta cubierta 
649 |a XX 
650 |a Dios en la Literatura 
650 |a Dios en el Arte 
650 |a Dios -  |x Tema Principal 
650 |a Catolicismo 
650 |a Cristianismo 
650 |a Religión 
650 |a Literatura Barroca -  |z México 
650 |a Literatura Religiosa 
650 |a Literatura Mexicana -  |y Siglo XVIII 
650 |a México en la Literatura 
740 0 |a De deo, deoque homine heroica :  |b pars secunda /  |c D.J. Abad. 
910 |a Fondo General 
920 |a Impresos - Libros 
930 |a Libros Antiguos y Raros 
905 |a 108 
901 |a 0500275650  |b IT2  |c LRA  |u 20250526 
902 |a https://opac.biblio.iteso.mx/vufind/Record/000380626